| 000 | 00642nam a2200217 a 4500 | ||
|---|---|---|---|
| 999 |
_c3438 _d3438 |
||
| 001 | 3438 | ||
| 003 | BD-JhCC | ||
| 005 | 20171113194418.0 | ||
| 008 | 171113s1995 bg a|||| ||a| 00| 0 en d | ||
| 035 | _a(BD-JhCC)3438 | ||
| 040 |
_aBD-JhCC _dBD-JhCC |
||
| 041 | _aben | ||
| 082 |
_a891.4415 _bCHO 1995 |
||
| 100 | _aচৌধুরী, রব্বানী | ||
| 245 |
_aজয় বাংলার ছড়া / _cরব্বানী চৌধুরী |
||
| 260 |
_aঢাকা : _bআগামী প্রকাশনী, _c1995. |
||
| 300 |
_a32 p. : _c23 cm. |
||
| 650 | _aPolitical Rhymes | ||
| 942 |
_2ddc _cBK |
||